00479nam a2200193Ia 4500003000400000005001700004008004100021020001500062040000700077041000800084082001700092100001900109245006000128260004900188300001400237365000800251650001200259650001400271OSt20230426100440.0210423s2008 xx 000 0 und d a9785621490 cAL aeng a306.071 WALD aWALTON (David) aIntroducing cultural studies: learning through practice aNew DelhibSahitya Bhawan Publicationsc2008 ax,323bPB cINR aCulture aSociology